01530nam a2200205Ia 450000500170000000800410001704000440005804100080010208200140011010000440012424500760016826000550024430000350029949000390033450006550037350502130102850600210124165000230126270000390128520240118115521.0130821s1936 ck fr ddspa  aCo-BoUCMbspacSandra YazodSandra Yazo00aspa04a862.52201 aSáenz Echeverría, Carlosd1852-189010aPiezas de Teatrocde Carlos Sáenz Echeverría y José Manuel Lleras aBogotá (Colombia)bEditorial Minerva S. A.c1936 a159, [1] páginasc18 x 14 cm 0aBiblioteca Aldeana de Colombiav93 aDetalles físicos: Sin encuadernación original. Actualmente: Encuadernación rígida (holandesa) en cartón forrado en papel jaspeado en tono azul. Lomo de tela, con letras y líneas decorativas en dorado. Cortes decorados (jaspeado azul). Guardas. Hoja de cortesía. Portada impresa en una sola tinta. Grabado con el emblema de la Colección. Texto impreso en una sola columna, con diferentes tipos y tamaños de letra. Notas de pie de página. Papel oxidado en bordes de las hojas. En la encuadernación (lomo) se indica una numeración (93). Colección Aldeana de Colombia es una selección de Samper Ortega de Literatura Colombiana0 aD. Carlos Sáenz Echeverría y D. José Manuel Lleras -- Carlos Sáenz: El Estudiante, zarzuela en tres cuadros ; Similia similibus, zarzuela en dos actos -- José Manuel Lleras: El espíritu del siglo aConsulta en sala 7aTeatro colombiano 1 aLléras, José Manueld1843-1879